|
|
|
|
| LEADER |
00000nab a2200000 a 4500 |
| 001 |
vtls010505294 |
| 003 |
SK-MaSNL |
| 005 |
20260319071235.0 |
| 008 |
130422c20130422xo d| 000 0|hun |
| 015 |
|
|
|a SNBRB2013/04
|
| 038 |
|
|
|a DSZK
|
| 040 |
|
|
|a DSZK
|b slo
|c DSZK
|e AACR2
|
| 041 |
0 |
|
|a hun
|
| 044 |
|
|
|a xo
|c SK
|
| 080 |
|
|
|a 796.332.093
|x (437.6)
|2 2001
|
| 245 |
0 |
0 |
|a Ismét egy góllal nyert a DAC
|c [szerző] (ái)
|
| 300 |
|
|
|b Fotogr.
|
| 610 |
2 |
7 |
|a FK DAC 1904 Dunajská Streda
|2 dszk
|9 117991
|
| 610 |
2 |
7 |
|a SFM Senec
|2 dszk
|9 1093327
|
| 650 |
0 |
7 |
|a futbal
|x 2. liga
|x 26. kolo
|y sezóna 2012/2013
|2 dszk
|9 1097561
|
| 651 |
|
7 |
|a Dunajská Streda (Slovensko)
|2 SNKPHgeo
|9 17375
|
| 651 |
|
7 |
|a Senec (Slovensko)
|2 SNKPHgeo
|9 175132
|
| 773 |
0 |
|
|t Új szó
|g Évf. 66, sz. 93 (2013.4.22), o. 18
|x 1335-7050
|
| 852 |
|
|
|a DSZK
|b KIS3GCP
|
| 958 |
|
|
|a HU
|
| 958 |
|
|
|a SK
|
| 999 |
|
|
|c 1803608
|d 1805538
|